000 00294nam a22001337a 4500
008 180807b xxu||||| |||| 00| 0 eng d
082 _a813.52
245 _aPublic Relations
_cLattimore,D
260 _c2007
300 _a1
_fCD
440 _x9780073293448
760 _b2nd
942 _2ddc
_cMX
999 _c46899
_d46899